FIFA World Cup 2026 - Morocco Squad - Statistics

General Stats
  • This quiz has been taken 2 times
  • The average score is 14 of 27
Answer Stats
Team # Position Club/Country Player % Correct
Morocco 2 RB Paris Saint-Germain Achraf Hakimi
100%
Morocco 23 AM VfB Stuttgart Bilal El Khannouss
100%
Morocco 10 RW Real Madrid Brahim Díaz
100%
Morocco 11 AM PSV Eindhoven Ismael Saibari
100%
Morocco 5 CB Olympique Marseille Nayef Aguerd
100%
Morocco 3 RB Manchester United Noussair Mazraoui
100%
Morocco 4 DM Real Betis Balompié Sofyan Amrabat
100%
Morocco 1 GK Al-Hilal SFC Yassine Bounou
100%
Morocco 17 LW Real Betis Balompié Abde Ezzalzouli
50%
Morocco 26 LB PSV Eindhoven Anass Salah-Eddine
50%
Morocco 20 ST Olympiacos Piraeus Ayoub El Kaabi
50%
Morocco 19 CM LOSC Lille Ayyoub Bouaddi
50%
Morocco 8 CM Girona FC Azzedine Ounahi
50%
Morocco 18 CB Crystal Palace Chadi Riad
50%
Morocco 7 RW Sunderland AFC Chemsdine Talbi
50%
Morocco 6 CB Fulham FC Issa Diop
50%
Morocco 24 CM AS Roma Neil El Aynaoui
50%
Morocco 9 LW Al-Ain FC Soufiane Rahimi
50%
Morocco 21 RB KRC Genk Zakaria El Ouahdi
50%
Morocco 22 GK AS FAR Rabat Ahmed Reda Tagnaouti
0%
Morocco 16 RW Eintracht Frankfurt Ayoube Amaimouni-Echghouyab
0%
Morocco 13 RW RC Strasbourg Alsace Gessime Yassine
0%
Morocco Manager Belgium Mohamed Ouahbi
0%
Morocco 12 GK Renaissance de Berkane Munir El Kajoui
0%
Morocco 25 CB KV Mechelen Redouane Halhal
0%
Morocco 14 CM RC Strasbourg Alsace Samir El Mourabet
0%
Morocco 15 LB Al Ahly FC Youssef Belammari
0%
No matching quizzes found
Score Distribution
Percent of People with Each Score
Percentile by Number Answered
Your Score History
You have not taken this quiz